000
00277nam a22001097a 4500
082
_a
954.9205 KHA'P
100
_a
KHAN, FAZAL MOQEEM MAJ GEN RETD
_9
78907
245
_a
PAKISTAN KA ALMIA 1971
260
_a
RAWALPINDI
_b
ARMY EDUCATION PRESS
_c
1980
300
_a
402P
942
_c
BK
999
_c
583974
_d
583974